Central Library OPAC University of Rajshahi

Administration and economic development in India / (Record no. 43108)

MARC details
000 -LEADER
fixed length control field 00910nam a2200241 a 4500
001 - CONTROL NUMBER
control field 43108
003 - CONTROL NUMBER IDENTIFIER
rucl marc code BD-RjUL
005 - DATE AND TIME OF LATEST TRANSACTION
control field 20211209053640.0
008 - FIXED-LENGTH DATA ELEMENTS--GENERAL INFORMATION
fixed length control field 160619r19671963ncua 001 0 eng
035 ## - SYSTEM CONTROL NUMBER
System control number (BD-RjUL)43226
040 ## - CATALOGING SOURCE
Original cataloging agency DLC
Transcribing agency ODaWU
Modifying agency OCoLC
-- BD-RjUL
Language of cataloging eng
041 ## - LANGUAGE CODE
Language code of text/sound track or separate title eng
082 ## - DEWEY DECIMAL CLASSIFICATION NUMBER
Classification number 338.954
Edition number 23
Author mark and year ADM 1967
100 1# - MAIN ENTRY--PERSONAL NAME
Personal name Braibanti, Ralph
9 (RLIN) 132375
245 10 - TITLE STATEMENT
Title Administration and economic development in India /
Statement of responsibility, etc. Edited by Ralph Braibanti and Joseph J. Spengler.
260 ## - PUBLICATION, DISTRIBUTION, ETC. (IMPRINT)
Place of publication, distribution, etc. Durham, N.C. :
Name of publisher, distributor, etc. Published for the Duke University Commonwealth-Studies Center by Duke University Press,
Date of publication, distribution, etc. c1963.
300 ## - PHYSICAL DESCRIPTION
Pagination vi, 312 p. :
Illustrations ill. ;
Size 24 cm.
490 1# - SERIES STATEMENT
Series statement Duke University Commonwealth-Studies Center publications,
Volume/sequential designation 18
500 ## - GENERAL NOTE
General note Includes index.
651 #0 - SUBJECT ADDED ENTRY--GEOGRAPHIC NAME
Geographic name India
General subdivision Economic policy.
9 (RLIN) 132376
700 1# - ADDED ENTRY--PERSONAL NAME
Personal name Spengler, Joseph J.
Fuller form of name (Joseph John),
Dates associated with a name 1902-1991,
Relator term joint ed.
942 ## - ADDED ENTRY ELEMENTS (KOHA)
Source of classification or shelving scheme Dewey Decimal Classification
Koha item type Books
Holdings
Lost status Source of classification or shelving scheme Damaged status Not for loan Collection code Permanent Location Current Location Shelving location Date acquired Source of acquisition Total Checkouts Full call number Date last seen Copy number Koha item type Cost, normal purchase price
  Dewey Decimal Classification     Non-fiction Central Library, University of Rajshahi Central Library, University of Rajshahi   24/09/1968 Zeetlinger   338.954 ADM 1967 19/06/2016 C-2 Books  
  Dewey Decimal Classification     Non-fiction Central Library, University of Rajshahi Central Library, University of Rajshahi   07/09/1972 Sweets & Zeetlinger   338.954 ADM 1967 19/06/2016 C-3 Books 3.50